[Event "27.Schlosspark-Open"]
[Site "Wiesbaden-Biebrich"]
[Date "2015.08.29"]
[Round "4.86"]
[White "Schneider, Luca"]
[Black "Deutsch, Volker"]
[Result "1/2-1/2"]
[WhiteElo "1377"]
[BlackElo "1329"]
[PlyCount "111"]
[EventDate "2015.??.??"]
[WhiteTeam "FC Bierstadt"]
[BlackTeam "SK Gründau"]

1. d4 d5 2. Nf3 Nf6 3. e3 e6 4. Bd3 Nbd7 5. c4 c6 6. Nc3 Bd6 7. Bd2 O-O 8. Qe2
Re8 9. O-O b6 10. e4 dxc4 11. Bxc4 b5 12. Bd3 Be7 13. Bc2 Qb6 14. Qd3 Ba6 15.
Qe3 Qb7 16. h3 c5 17. e5 Nd5 18. Qe4 Nf8 19. Rfd1 Nxc3 20. bxc3 Qxe4 21. Bxe4
Rab8 22. Be3 Bb7 23. Bxb7 Rxb7 24. dxc5 Rc7 25. Rab1 Bxc5 26. Bxc5 Rxc5 27.
Rbc1 Rec8 28. Rd2 Rxc3 29. Rxc3 Rxc3 30. Ne1 h6 31. Kh2 Ng6 32. Nf3 Rc5 33.
Rd8+ Kh7 34. Rd7 Nxe5 35. Nxe5 Rxe5 36. Rxf7 a5 37. a3 Kg6 38. Rf4 Rf5 39. Kg3
Rxf4 40. Kxf4 Kf6 41. Ke3 Kf5 42. Kd4 g5 43. Kc5 b4 44. axb4 axb4 45. Kxb4 e5
46. Kc3 h5 47. Kd3 Kf4 48. Ke2 Ke4 49. f3+ Kf4 50. Kf2 h4 51. Kg1 Kg3 52. Kf1
Kf4 53. Kf2 e4 54. fxe4 Kxe4 55. g3 hxg3+ 56. Kxg3 1/2-1/2

[Event "27.Schlosspark-Open"]
[Site "Wiesbaden-Biebrich"]
[Date "2015.08.29"]
[Round "4.87"]
[White "Börkey, Pierre"]
[Black "Bayer, Melissa"]
[Result "1-0"]
[WhiteElo "1331"]
[BlackElo "1108"]
[PlyCount "87"]
[EventDate "2015.??.??"]
[WhiteTeam "Wiesbadener SV"]
[BlackTeam "SK Gründau"]

1. d4 d5 2. c4 e6 3. Nf3 Nf6 4. e3 c5 5. cxd5 Nxd5 6. e4 Nb6 7. Nc3 cxd4 8.
Qxd4 Qxd4 9. Nxd4 Bb4 10. Bd2 Bxc3 11. Bxc3 Na4 12. Bb5+ Bd7 13. Bxa4 Bxa4 14.
b3 Bd7 15. O-O-O O-O 16. Rhf1 Nc6 17. Nb5 Rfd8 18. Nd6 Rab8 19. Rd2 b6 20. Rfd1
Be8 21. f4 f6 22. Nxe8 Rxd2 23. Nxf6+ gxf6 24. Rxd2 Kf7 25. Rd7+ Kg6 26. Rd6
Nd8 27. f5+ exf5 28. Rxf6+ Kg7 29. Rxb6+ Kf8 30. Rxb8 Ke8 31. Ba5 Kd7 32. Rxd8+
Ke6 33. exf5+ Kxf5 34. b4 Ke4 35. b5 Ke3 36. Rd7 h5 37. Rxa7 Kf2 38. b6 Kxg2
39. b7 Kxh2 40. b8=Q+ Kg2 41. Rf7 h4 42. Qg8+ Kh2 43. Rf2+ Kh3 44. Qg2# 1-0

[Event "27.Schlosspark-Open"]
[Site "Wiesbaden-Biebrich"]
[Date "2015.08.29"]
[Round "4.88"]
[White "Held, Gerd"]
[Black "Fischer, Patrick"]
[Result "0-1"]
[WhiteElo "1450"]
[BlackElo "1723"]
[PlyCount "72"]
[EventDate "2015.??.??"]
[WhiteTeam "SC Groß-Zimmern"]
[BlackTeam "SF HN-Biberach"]

1. c4 d5 2. cxd5 Nf6 3. Nc3 Nxd5 4. g3 Nc6 5. Bg2 Nxc3 6. bxc3 Bd7 7. Nf3 e5 8.
d3 Bc5 9. Qb3 Rb8 10. O-O O-O 11. Bb2 Qe7 12. c4 Nd4 13. Nxd4 exd4 14. Qc2 Bb6
15. a4 c5 16. Bc1 Bc7 17. e3 Be5 18. e4 Rfc8 19. f4 Bc7 20. f5 Be5 21. Bf4 a6
22. a5 b5 23. axb6 Rxb6 24. Bxe5 Qxe5 25. Rab1 Rcb8 26. Rxb6 Rxb6 27. Rb1 Qd6
28. Rxb6 Qxb6 29. Qf2 a5 30. g4 Qb1+ 31. Bf1 Qc1 32. Qh4 f6 33. Kg2 Qd2+ 34.
Kh1 Qe3 35. e5 Bc6+ 36. Bg2 Qc1+ 0-1

[Event "27.Schlosspark-Open"]
[Site "Wiesbaden-Biebrich"]
[Date "2015.08.29"]
[Round "4.89"]
[White "Lehmann, Nils"]
[Black "Börkey, Luis"]
[Result "0-1"]
[WhiteElo "1406"]
[BlackElo "1566"]
[PlyCount "58"]
[EventDate "2015.??.??"]
[WhiteTeam "SV Lahn Limburg"]
[BlackTeam "Wiesbadener SV"]

1. e4 c5 2. Nf3 Nc6 3. Bc4 d6 4. d3 g6 5. Bf4 Bg7 6. c3 Nf6 7. Nbd2 O-O 8. O-O
Nd7 9. Re1 Nde5 10. Qc2 Nxc4 11. Nxc4 Qc7 12. Rad1 Bg4 13. Re3 b5 14. Ncd2 b4
15. c4 Nd4 16. Qb1 Nxf3+ 17. Nxf3 Bd4 18. Ree1 Bxf3 19. gxf3 f5 20. Bg3 fxe4
21. fxe4 Rf3 22. Kg2 Raf8 23. Rd2 e5 24. Ree2 Qd7 25. Qc2 h5 26. h4 Qg4 27. b3
g5 28. Kh1 Qh3+ 29. Kg1 Rxg3# 0-1

[Event "27.Schlosspark-Open"]
[Site "Wiesbaden-Biebrich"]
[Date "2015.08.29"]
[Round "4.90"]
[White "Roth, Michael"]
[Black "Laux, Dominik"]
[Result "0-1"]
[WhiteElo "1563"]
[BlackElo "1273"]
[PlyCount "112"]
[EventDate "2015.??.??"]
[WhiteTeam "SC Lerchenberg/ZMO"]
[BlackTeam "VSG Offenbach"]

1. e4 c6 2. Bc4 d5 3. exd5 cxd5 4. Bb3 Nc6 5. d4 Bf5 6. Qf3 e6 7. Be3 Nf6 8.
Nc3 a6 9. O-O-O Bg4 10. Qg3 Bxd1 11. Kxd1 Qd6 12. Bf4 Qd7 13. Nf3 Nh5 14. Qh4
Nxf4 15. Qxf4 Bd6 16. Qd2 O-O 17. Na4 Qc7 18. a3 Rfe8 19. Re1 Rab8 20. Nc3 h6
21. Ne2 b5 22. c3 Na5 23. Bc2 Nc4 24. Qc1 a5 25. Bb1 a4 26. Qc2 f5 27. g4 Qf7
28. Rg1 Re7 29. Nh4 Rf8 30. g5 h5 31. g6 Qf6 32. Nf3 Rfe8 33. Ng3 Bxg3 34. Rxg3
Rc7 35. Qe2 Rb7 36. Ne5 Nxe5 37. dxe5 Qh4 38. Qf3 Qxh2 39. Ke2 h4 40. Rh3 Qxe5+
41. Kf1 Rd7 42. Rxh4 Red8 43. Qh3 Kf8 44. Qd3 d4 45. c4 bxc4 46. Qxc4 d3 47.
Qb4+ Qd6 48. Qd2 Qd5 49. Qg5 Kg8 50. Qd2 f4 51. Qd1 d2 52. Rh3 Qc4+ 53. Kg1 Qc1
54. Bc2 Qxc2 55. Qh5 d1=Q+ 56. Kg2 Qxh5 0-1

[Event "27.Schlosspark-Open"]
[Site "Wiesbaden-Biebrich"]
[Date "2015.08.29"]
[Round "4.91"]
[White "Köllner, Felicitas Ophelia"]
[Black "Künne, Lutz Dieter"]
[Result "1-0"]
[WhiteElo "1402"]
[BlackElo "1556"]
[PlyCount "115"]
[EventDate "2015.??.??"]
[WhiteTeam "SV Bergneustadt/Derschlag"]
[BlackTeam "KC Jena"]

1. d4 d5 2. Nf3 Nf6 3. e3 c6 4. c4 Bf5 5. b3 e6 6. Nc3 Nbd7 7. Be2 Bb4 8. Bb2
O-O 9. O-O Rc8 10. Bd3 Bxd3 11. Qxd3 Re8 12. Rac1 Bd6 13. Rfd1 h6 14. cxd5 exd5
15. Qe2 Ne4 16. h3 Nxc3 17. Bxc3 Nf6 18. Bb2 Qa5 19. Bc3 Qc7 20. Qe1 Qb6 21.
Rb1 Qc7 22. Bb4 c5 23. dxc5 Bxc5 24. Bxc5 Qxc5 25. Rbc1 Qa3 26. Rxc8 Rxc8 27.
Qe2 Rc1 28. Rxc1 Qxc1+ 29. Qe1 Qb2 30. Qd2 Qb1+ 31. Kh2 Qf5 32. Qa5 a6 33. Qd8+
Kh7 34. Qe7 Qd7 35. Qxd7 Nxd7 36. Nd4 g6 37. Kg3 Kg7 38. Kf4 Kf6 39. e4 g5+ 40.
Ke3 dxe4 41. Kxe4 h5 42. f4 gxf4 43. Kxf4 Ne5 44. Ke4 Nc6 45. Nxc6 bxc6 46. Kd4
h4 47. Kc5 Kf5 48. Kxc6 Kf4 49. Kb6 Kg3 50. Kxa6 Kxg2 51. b4 Kxh3 52. b5 Kg3
53. b6 h3 54. b7 h2 55. b8=Q+ Kg2 56. Qg8+ Kh3 57. Qxf7 h1=Q 58. Qh5+ 1-0

[Event "27.Schlosspark-Open"]
[Site "Wiesbaden-Biebrich"]
[Date "2015.08.29"]
[Round "4.92"]
[White "Busch, Günther"]
[Black "Porstendörfer, Yannik"]
[Result "1-0"]
[WhiteElo "1528"]
[BlackElo "1200"]
[PlyCount "133"]
[EventDate "2015.??.??"]
[WhiteTeam "FC Bierstadt"]
[BlackTeam "SK Klingenberg"]

1. Nf3 Nc6 2. c4 e5 3. Nc3 Nf6 4. a3 d6 5. e3 Bg4 6. Be2 Be7 7. d3 O-O 8. O-O
Qd7 9. Ne1 Bxe2 10. Qxe2 Rfe8 11. Nd5 Nxd5 12. cxd5 Na5 13. Qc2 b6 14. b4 Nb7
15. e4 Rac8 16. Qc6 Qxc6 17. dxc6 Nd8 18. b5 a6 19. a4 Ra8 20. Bb2 Ne6 21. Nc2
Nf4 22. Rfd1 axb5 23. g3 Nxd3 24. Rxd3 bxa4 25. Rda3 b5 26. Nb4 d5 27. Bc3 d4
28. Bd2 Red8 29. R3a2 Bxb4 30. Bxb4 Re8 31. Rc1 Re6 32. Rc5 Rb8 33. Rb2 Rb6 34.
Rd5 h6 35. Bc5 Rb8 36. Ba3 Rxc6 37. Rdxb5 Rxb5 38. Rxb5 f6 39. Rc5 Rxc5 40.
Bxc5 Kf7 41. Kf1 Ke6 42. Ke2 f5 43. f3 fxe4 44. fxe4 g6 45. Kd3 Kd7 46. Kc4 Kc6
47. Bf8 h5 48. Kb4 a3 49. Kxa3 Kb5 50. Bg7 c5 51. Bxe5 Kc4 52. Bf4 d3 53. Be3
d2 54. Bxd2 Kd4 55. Kb3 Kxe4 56. Kc4 Kf3 57. Bf4 Kg4 58. Kxc5 g5 59. Bc1 h4 60.
gxh4 Kxh4 61. Bb2 g4 62. Be5 Kh3 63. Kd4 Kg2 64. Ke4 Kh3 65. Kf5 Kh4 66. Kg6
Kh3 67. Kg5 1-0

[Event "27.Schlosspark-Open"]
[Site "Wiesbaden-Biebrich"]
[Date "2015.08.29"]
[Round "4.93"]
[White "Lochmann, Tobias"]
[Black "Goodwin, David"]
[Result "0-1"]
[WhiteElo "713"]
[BlackElo "1462"]
[PlyCount "100"]
[EventDate "2015.??.??"]
[WhiteTeam "SV Groß-Gerau"]
[BlackTeam "SV Kelsterbach"]

1. e4 g6 2. Nf3 Bg7 3. d4 d6 4. Bd3 Nd7 5. Nc3 c5 6. Be3 a6 7. O-O b6 8. e5
dxe5 9. dxe5 Nxe5 10. Be4 Ra7 11. Qxd8+ Kxd8 12. Rad1+ Rd7 13. Nd5 Nxf3+ 14.
Bxf3 Rd6 15. Bf4 e5 16. Bg5+ f6 17. Be3 Bh6 18. Bxh6 Nxh6 19. Nxf6 Rxd1 20.
Rxd1+ Ke7 21. Nd5+ Ke6 22. Nxb6 Nf5 23. Be2 Nd4 24. Bc4+ Kf5 25. c3 Nb5 26.
Bd3+ e4 27. Bc2 Bb7 28. f3 Bc6 29. Bxe4+ Bxe4 30. fxe4+ Kxe4 31. Re1+ Kd3 32.
Rc1 Kd2 33. Rf1 Nd6 34. b3 Nf5 35. Nc4+ Kxc3 36. Na5 Re8 37. Rf3+ Kb4 38. Nc6+
Ka3 39. b4+ Kxa2 40. bxc5 Rc8 41. g4 Nh4 42. Rf6 a5 43. Na7 Rxc5 44. Ra6 Rg5
45. h3 Rc5 46. Kf2 g5 47. Rh6 a4 48. Rxh7 a3 49. Rb7 Rc2+ 50. Ke3 Rb2 0-1